Clothing the New World Church : (Record no. 10822)

MARC details
000 -CABECERA
campo de control de longitud fija 02395nam a22003617a 4500
001 - NÚMERO DE CONTROL
campo de control BRCA_9203
003 - IDENTIFICADOR DEL NÚMERO DE CONTROL
campo de control FranzMayer
005 - FECHA Y HORA DE LA ÚLTIMA TRANSACCIÓN
campo de control 20220809134736.0
008 - DATOS DE LONGITUD FIJA--INFORMACIÓN GENERAL
campo de control de longitud fija 220714b |||||||| |||| 00| 0 eng d
020 ## - NÚMERO INTERNACIONAL ESTÁNDAR DEL LIBRO
Número Internacional Estándar del Libro 9780268108052
Información calificativa Tapa dura
040 ## - FUENTE DE LA CATALOGACIÓN
Lengua de catalogación spa
Centro/agencia transcriptor MFM
041 ## - CÓDIGO DE LENGUA
Código de lengua del texto/banda sonora o título independiente eng
050 00 - SIGNATURA TOPOGRÁFICA DE LA BIBLIOTECA DEL CONGRESO
Número de clasificación NK4850
Número de documento/Ítem .S73 2021
100 1# - ENTRADA PRINCIPAL--NOMBRE DE PERSONA
Nombre de persona Stanfield-Mazzi, Maya Selama,‏
Fechas asociadas al nombre 1972-
9 (RLIN) 28452
245 10 - MENCIÓN DE TÍTULO
Título Clothing the New World Church :
Resto del título liturgical textiles of Spanish America, 1520-1820 /
Mención de responsabilidad, etc. Maya Stanfield-Mazzi
246 30 - FORMA VARIANTE DE TÍTULO
Título propio/Titulo breve Liturgical textiles of Spanish America, 1520-1820
264 #1 - PRODUCCIÓN, PUBLICACIÓN, DISTRIBUCIÓN, FABRICACIÓN Y COPYRIGHT
Producción, publicación, distribución, fabricación y copyright Notre Dame, Indiana :
Nombre del de productor, editor, distribuidor, fabricante University of Notre Dame Press,
Fecha de producción, publicación, distribución, fabricación o copyright [2021]
264 #4 - PRODUCCIÓN, PUBLICACIÓN, DISTRIBUCIÓN, FABRICACIÓN Y COPYRIGHT
Fecha de producción, publicación, distribución, fabricación o copyright ©2021
300 ## - DESCRIPCIÓN FÍSICA
Extensión xxi, 408 p. :
Otras características físicas il., fot., map. ;
Dimensiones 18.5 x 26 cm.
336 ## - TIPO DE CONTENIDO
Término de tipo de contenido text
Código de tipo de contenido txt
Fuente rdacontent
336 ## - TIPO DE CONTENIDO
Término de tipo de contenido still image
Código de tipo de contenido sti
Fuente rdacontent
337 ## - TIPO DE MEDIO
Nombre/término del tipo de medio unmediated
Código del tipo de medio n
Fuente rdamedia
338 ## - TIPO DE SOPORTE
Nombre/término del tipo de soporte volume
Código del tipo de soporte nc
Fuente rdacarrier
500 ## - NOTA GENERAL
Nota general Ubicación: L59-N5
500 ## - NOTA GENERAL
Nota general Incluye imágenes de piezas del Museo Franz Mayer (pp. 97-99)
504 ## - NOTA DE BIBLIOGRAFÍA, ETC.
Nota de bibliografía, etc. Bibliografía: pp. 351-374
520 ## - SUMARIO, ETC.
Sumario, etc. El libro brinda el primer estudio amplio de los textiles eclesiásticos de Hispanoamérica y demuestra que, aunque se les pasó por alto, los textiles eran una parte vital de la cultura visual en la Iglesia Católica. Cuando se construyeron las iglesias católicas en el Nuevo Mundo en el siglo XVI, estaban equipados con ricos textiles conocidos como "ropa de iglesia". Estos ornamentos textiles cubrían los altares, escaleras, pisos y paredes de las iglesias. Las vestiduras vestían a los sacerdotes y asistentes de las iglesias. El valor atribuido a estos textiles, su uso constante, y sus asombrosas cualidades visuales sugieren que desempeñaron un papel mucho más importante en la creación de la Iglesia latinoamericana de lo que se ha reconocido previamente. Stanfield-Mazzi profundiza en las cualidades híbridas o mestizas de estas telas y argumenta que cuando los tejedores o bordadores locales en las Américas crearon textiles para iglesias lo hicieron conscientemente, entendiendo que estaban creando una nueva iglesia a través de su trabajo.
Fuente proveedora Proporcionado por el editor.
650 #0 - PUNTO DE ACCESO ADICIONAL DE MATERIA--TÉRMINO DE MATERIA
Término de materia o nombre geográfico como elemento de entrada Textiles
Subdivisión general Historia
9 (RLIN) 11400
650 #0 - PUNTO DE ACCESO ADICIONAL DE MATERIA--TÉRMINO DE MATERIA
Término de materia o nombre geográfico como elemento de entrada Vestiduras litúrgicas
Subdivisión geográfica América Latina
Subdivisión general Arte
-- Historia
9 (RLIN) 28453
650 #0 - PUNTO DE ACCESO ADICIONAL DE MATERIA--TÉRMINO DE MATERIA
Término de materia o nombre geográfico como elemento de entrada Arte y simbolismo cristiano
Subdivisión geográfica América Latina
Subdivisión general Historia
9 (RLIN) 28454
942 ## - ELEMENTOS DE PUNTO DE ACCESO ADICIONAL (KOHA)
Fuente del sistema de clasificación o colocación Library of Congress Classification
Tipo de ítem Koha Libros
Holdings
Estado de retiro Estado de pérdida Fuente del sistema de clasificación o colocación Estado dañado No para préstamo Localización permanente Ubicación/localización actual Fecha de adquisición Total de préstamos Signatura topográfica completa Código de barras Fecha visto por última vez Precio válido a partir de Tipo de ítem Koha
El ejemplar forma parte de la colección y puede ser consultado según las políticas vigentes.   Library of Congress Classification     Biblioteca del Museo Franz Mayer (Rogerio Casas-Alatriste) Biblioteca del Museo Franz Mayer (Rogerio Casas-Alatriste) 14/07/2022   NK4852.2 .S73 2021 CONT9982 14/07/2022 14/07/2022 Libros